000 00328 a2200157 4500
001 68003
020 _a9783190018802
040 _cAnchieta - Pituba
100 _aPuchta, Herbert
240 1 0 _aMotive kursbuch
_lpor
245 1 0 _aMotive kursbuch
300 _a65
362 0 _a2015
650 4 _aLíngua alemã
942 _cBK
999 _c68003
_d68003